|
|
|
|
| LEADER |
00000nam a2200000Ii 4500 |
| 001 |
DIGOCEANO0003 |
| 003 |
NyNyDIG |
| 008 |
230623s2016 mx o 000 0 spa d |
| 006 |
m o d |
| 007 |
cr ||||||||||| |
| 035 |
|
|
|a (OCoLC)1391272982
|
| 040 |
|
|
|a DGITA
|b eng
|e rda
|e pn
|c DGITA
|
| 020 |
|
|
|a 9786077351672
|q eBook
|
| 020 |
|
|
|z 9789706512802
|
| 050 |
1 |
4 |
|a PN6129 ebook
|
| 245 |
0 |
0 |
|a Grandes discursos /
|c varios autores ; estudio preliminar de Mariano Gómez.
|
| 250 |
|
|
|a Primera edición en libro electrónico.
|
| 264 |
|
1 |
|a Ciudad de México :
|b Océano,
|c [2016]
|
| 300 |
|
|
|a 1 online resource.
|
| 336 |
|
|
|a text
|b txt
|2 rdacontent
|
| 337 |
|
|
|a computer
|b c
|2 rdamedia
|
| 338 |
|
|
|a online resource
|b cr
|2 rdacarrier
|
| 347 |
|
|
|a text file
|2 rdaft
|
| 347 |
|
|
|b EPUB
|
| 490 |
1 |
|
|a Biblioteca Universal
|
| 588 |
0 |
|
|a Online resource; title from ePub title page (Digitalia, viewed June 23, 2023)
|
| 650 |
|
0 |
|a Speeches, addresses, etc., Spanish.
|
| 650 |
|
0 |
|a Oratory.
|
| 700 |
0 |
|
|a Gómez, Mariano,
|e contributor agent of text.
|
| 791 |
2 |
|
|a Digitalia (Firm),
|e distributor.
|
| 793 |
0 |
|
|g Digitalia eBook Collection:
|a Editorial Océano
|
| 776 |
0 |
8 |
|i Print version:
|t Grandes discursos.
|d Ciudad de México : Océano, [2016]
|z 9789706512802
|
| 830 |
|
0 |
|a Biblioteca universal (Océano (Firm))
|
| 856 |
4 |
0 |
|3 Digitalia Hispánica
|u https://www.digitaliapublishing.com/a/85223/
|
| 910 |
|
|
|a Premium collection: 2023
|